How effective executives interview
Αποθηκεύτηκε σε:
| Κύριος συγγραφέας: | |
|---|---|
| Μορφή: | Βιβλίο |
| Γλώσσα: | English |
| Δημοσίευση: |
Homewood :
Dow Jones-Irwin,
c1976
|
| Θέματα: | |
| Ετικέτες: |
Προσθήκη ετικέτας
Δεν υπάρχουν, Καταχωρήστε ετικέτα πρώτοι!
|
MARC
| LEADER | 00000cam a2200000 i 4500 | ||
|---|---|---|---|
| 001 | 1/37560 | ||
| 008 | 061112s1976 eng d | ||
| 020 | |a 0-87094-113-5 | ||
| 035 | |l 10086121 | ||
| 040 | |a GR-MY-UA |b gre |e aacr | ||
| 041 | 0 | |a eng | |
| 082 | 0 | |a 658.31124 |2 (22) | |
| 100 | 1 | |a Mahler, Walter R. | |
| 245 | 1 | 0 | |a How effective executives interview / |c Walter R. Mahler |
| 260 | |a Homewood : |b Dow Jones-Irwin, |c c1976 | ||
| 300 | |a xiv,249 σ.; |c 23 εκ. | ||
| 504 | |a Περιλαμβάνει ευρετήριο | ||
| 650 | 0 | 0 | |a Employment interviewing. |
| 852 | |a INST |b CHIOS |e 20061112 |h 658.31124 MAH |p 005200026747 |q 005200026747 |t BK |y 0 | ||
| 901 | |a BIBL2-2006-3 | ||
| 970 | |a ΒΑΣΙΛΑΚΗ |b ΝΙΚΗ |z 2006/11/12 | ||